Aspectos problemáticos en la valoración de la prueba civil / (Registro nro. 160669)
[ vista simple ]
| 000 -LEADER | |
|---|---|
| fixed length control field | 01601cam a2200361 a 4500 |
| 008 - FIXED-LENGTH DATA ELEMENTS--GENERAL INFORMATION | |
| fixed length control field | 080418s2008 spc|||| |||| 0|0 0 spa c |
| 017 ## - | |
| -- | DL B. 17621-2008 |
| -- | Biblioteca de Catalunya |
| 020 ## - INTERNATIONAL STANDARD BOOK NUMBER | |
| International Standard Book Number | 9788476988084 |
| 035 ## - | |
| -- | 2366 |
| 040 ## - CATALOGING SOURCE | |
| Modifying agency | vLex |
| 043 ## - | |
| -- | e-sp--- |
| -- | e-sp--- |
| -- | catmarc |
| 080 ## - | |
| -- | 347.94(460) |
| 090 ## - | |
| -- | 2238 |
| -- | 2238 |
| 245 00 - TITLE STATEMENT | |
| Title | Aspectos problemáticos en la valoración de la prueba civil / |
| Statement of responsibility, etc | Xavier Abel Lluch, Joan Picó i Junoy (directores) ; Cristina Luis Vilchez ... [et al.] |
| Medium | [Recurso electrónico] |
| 256 ## - | |
| -- | Servicio en línea. |
| 260 ## - PUBLICATION, DISTRIBUTION, ETC. (IMPRINT) | |
| Place of publication, distribution, etc | Barcelona : |
| Name of publisher, distributor, etc | J.M. Bosch, |
| Date of publication, distribution, etc | 2008 |
| 300 ## - PHYSICAL DESCRIPTION | |
| Extent | 161 p. ; |
| Dimensions | 24 cm |
| 504 ## - BIBLIOGRAPHY, ETC. NOTE | |
| Bibliography, etc | Bibliografía p. 160-161 |
| 506 1# - RESTRICTIONS ON ACCESS NOTE | |
| Terms governing access | Contenido solo disponible en los productos indicados |
| Authorized users | vLex Global |
| -- | vLex Global (Academic Edition, excluding Law Schools) |
| -- | vLex Global (U.S. Academic Edition, Law Schools) |
| -- | vLex Global (U.S. Academic Edition, excluding Law Schools) |
| -- | vLex Global (Academic Edition, Law Schools) |
| 650 07 - SUBJECT ADDED ENTRY--TOPICAL TERM | |
| Topical term or geographic name as entry element | Procesal |
| Source of heading or term | Tesauro vLex |
| 650 07 - SUBJECT ADDED ENTRY--TOPICAL TERM | |
| Topical term or geographic name as entry element | Prueba |
| Source of heading or term | Tesauro vLex |
| 650 07 - SUBJECT ADDED ENTRY--TOPICAL TERM | |
| Source of heading or term | Tesauro vLex |
| Topical term or geographic name as entry element | Valoración de la prueba |
| 650 07 - SUBJECT ADDED ENTRY--TOPICAL TERM | |
| Source of heading or term | Tesauro vLex |
| Topical term or geographic name as entry element | Proceso civil |
| 650 07 - SUBJECT ADDED ENTRY--TOPICAL TERM | |
| Source of heading or term | Tesauro vLex |
| Topical term or geographic name as entry element | Invalidez Permanente Admitida, Ante o Pagamento Parcial do Seguro |
| 700 1# - ADDED ENTRY--PERSONAL NAME | |
| Personal name | Luis Vilchez, Cristina |
| 700 1# - ADDED ENTRY--PERSONAL NAME | |
| Personal name | Abel Lluch, Xavier, |
| Relator term | dir. |
| 700 1# - ADDED ENTRY--PERSONAL NAME | |
| Personal name | Picó i Junoy, Joan, |
| Relator term | dir. |
| 740 0# - | |
| -- | vLex Libros (Servicio en línea) |
| 830 #0 - | |
| -- | Bosch procesal |
| 856 40 - LOCALIZACIÓN Y ACCESO ELECTRÓNICO | |
| Identificador Uniforme del Recurso (URI/URL) | https://app.vlex.com/#/sources/prueba-civil-aspectos-problematicos-valoracion-2366 |
| 942 ## - | |
| -- | RAA |
| 999 ## - | |
| -- | 160669 |
| -- | 160669 |
No hay ítems disponibles.